000
00298nam a22001337a 4500
008
180906b xxu||||| |||| 00| 0 eng d
020
_a
9780071545211
041
_a
eng
080
_a
339.13
100
_a
60
101
_a
MKT
245
_a
Personality not included
_c
Bhargava, R
942
_2
udc
_c
BK
999
_c
47598
_d
47598